| 000 | 00382cam a2200145ua 4500 | ||
|---|---|---|---|
| 041 |
_aeng _h |
||
| 082 |
_a828.09 _bLEG/SH |
||
| 100 | _aLegouis, Emile . | ||
| 245 |
_aShort history of English literature / _cEmile Legouis. _hTextual Documents |
||
| 260 |
_aCalcutta : _bOxford University Press , _c1961. |
||
| 300 | _a404 ; . | ||
| 504 | _a | ||
| 942 | _cBK | ||
| 999 |
_c11854 _d11854 |
||